Literature : (Record no. 25567)

MARC details
000 -LEADER
fixed length control field 00723nam a22002295a 4500
005 - DATE AND TIME OF LATEST TRANSACTION
control field 20171113101641.0
008 - FIXED-LENGTH DATA ELEMENTS--GENERAL INFORMATION
fixed length control field 171111t2008 ilua frb 001 0 eng d
020 ## - INTERNATIONAL STANDARD BOOK NUMBER
International Standard Book Number 9780618568666
020 ## - INTERNATIONAL STANDARD BOOK NUMBER
International Standard Book Number 0618568662
040 ## - CATALOGING SOURCE
Original cataloging agency EG-ScBUE
Language of cataloging eng
Transcribing agency EG-ScBUE
082 04 - DEWEY DECIMAL CLASSIFICATION NUMBER
Classification number 807.1273
Item number LIT
Edition number 22
245 00 - TITLE STATEMENT
Title Literature :
Remainder of title American literature /
Statement of responsibility, etc Janet Allen ... [et al.].
260 ## - PUBLICATION, DISTRIBUTION, ETC. (IMPRINT)
Place of publication, distribution, etc Evanston :
Name of publisher, distributor, etc McDougal Littell,
Date of publication, distribution, etc 2008.
300 ## - PHYSICAL DESCRIPTION
Extent 1 v. (various pagings) :
Other physical details ill. ;
Dimensions 24 cm.
504 ## - BIBLIOGRAPHY, ETC. NOTE
Bibliography, etc Includes bibliographical references and index.
650 #7 - SUBJECT ADDED ENTRY--TOPICAL TERM
Topical term or geographic name as entry element Literature
General subdivision Study and teaching
Source of heading or term BUEsh
9 (RLIN) 37313
650 #7 - SUBJECT ADDED ENTRY--TOPICAL TERM
Topical term or geographic name as entry element Readers
Source of heading or term BUEsh
651 ## - SUBJECT ADDED ENTRY--GEOGRAPHIC NAME
Source of heading or term BUEsh
653 ## - INDEX TERM--UNCONTROLLED
Resource For college Humanities: English
Arrived date list November2017
700 1# - ADDED ENTRY--PERSONAL NAME
Personal name Allen, Janet.
942 ## - ADDED ENTRY ELEMENTS (KOHA)
Source of classification or shelving scheme Dewey Decimal Classification
Holdings
Withdrawn status Item status Source of classification or shelving scheme Damaged status Not for loan Home library Current library Shelving location Date acquired Source of acquisition Total Checkouts Total Renewals Full call number Barcode Date last seen Date last borrowed Koha item type
    Dewey Decimal Classification     Central Library Central Library Second Floor 13/11/2017 Purchase 1 100 807.1273 LIT 000042451 15/07/2025 09/01/2018 Book - Borrowing